LEGO The Lord of the Rings: Playable Characters by Picture - Statistics

General Stats
  • This quiz has been taken 31 times
  • The average score is 35 of 64
Answer Stats
Picture Answer % Correct
Aragorn
96%
Bilbo Baggins
88%
Boromir
88%
Frodo Baggins
85%
Arwen Evenstar
81%
Gandalf the Grey
81%
Gimli
81%
Gollum
81%
Merry Brandybuck
81%
Legolas Greenleaf
77%
Sam Gamgee
77%
Saruman the White
77%
Elrond Peredhel
73%
Faramir
73%
Galadriel
73%
Mouth of Sauron
73%
Pippin Took
73%
Sauron
73%
Isildur
69%
Mini-Balrog
69%
Théoden
69%
Éowyn
65%
Ringwraith
65%
Tom Bombadil
65%
Witch-King of Angmar
65%
Éomer
62%
Gríma Wormtongue
62%
Radagast the Brown
62%
Berserker
58%
Denethor
58%
Glóin
58%
Haldir
58%
Celeborn
54%
King of the Dead
54%
Rosie Cotton
54%
Soldier of the Dead
50%
Uruk-Hai
50%
Blacksmith
46%
Elendil
46%
Háma
46%
Gondorian Ranger
42%
Gothmog
42%
Haradrim Warrior
42%
Lurtz
42%
Easterling
38%
Moria Orc
38%
Rohirrim Soldier
38%
Gil-galad
35%
Mordor Orc
35%
Shagrat
35%
Théodred
35%
Citadel Guard
31%
Gondorian Soldier
31%
Farmer Maggot
27%
Gamling
27%
Glorfindel
27%
Lothlorien Elf
27%
Madril
27%
Barliman Butterbur
23%
Grishnákh
23%
Barrow-Wight
19%
Beregond
19%
Corsair Pirate
19%
Imrahil
15%
No matching quizzes found
Score Distribution
Percent of People with Each Score
Percentile by Number Answered
Your Score History
You have not taken this quiz